Juan Belmonte, matador de toros (Record no. 178795)

MARC details
000 -LEADER
campo de control de longitud fija 01095nam a2200289 i 4500
001 - NÚMERO DE CONTROL
campo de control 178795
003 - IDENTIFICADOR DE NÚMERO DE CONTROL
campo de control ES-MaACL
005 - FECHA Y HORA DE LA ÚLTIMA TRANSACCIÓN
campo de control 20250824205808.0
008 - DATOS DE LONGITUD FIJA--INFORMACIÓN GENERAL
campo de control de longitud fija 110630s2009 sp |||| |bspa d
020 ## - NÚMERO INTERNACIONAL ESTÁNDAR DEL LIBRO
Número Internacional Estándar del Libro 978-84-206-5580-2
080 ## - NÚMERO DE LA CLASIFICACIÓN DECIMAL UNIVERSAL
Número de la Clasificación Decimal Universal 791.862 Belmonte, Juan
080 ## - NÚMERO DE LA CLASIFICACIÓN DECIMAL UNIVERSAL
Número de la Clasificación Decimal Universal 929 Belmonte, Juan
100 1# - ENTRADA PRINCIPAL--NOMBRE DE PERSONA
Nombre de persona Chaves Nogales, Manuel,
Fechas asociadas al nombre 1897-1944
9 (RLIN) 38275
245 10 - MENCIÓN DEL TÍTULO
Título Juan Belmonte, matador de toros
Resto del título : su vida y sus hazañas /
Mención de responsabilidad, etc. Manuel Chaves Nogales ; epílogo de Josefina Carabias.
260 ## - PUBLICACIÓN, DISTRIBUCIÓN, ETC.
Lugar de publicación, distribución, etc. Madrid :
Nombre del editor, distribuidor, etc. Alianza Editorial,
Fecha de publicación, distribución, etc. 2009.
300 ## - DESCRIPCIÓN FÍSICA
Extensión 351 p. ;
Dimensiones 18 cm.
490 1# - MENCIÓN DE SERIE
Mención de serie El libro de bolsillo. Toros
490 1# - MENCIÓN DE SERIE
Mención de serie Libro práctico y aficiones ;
Designación de volumen o secuencia 7803
600 17 - PUNTO DE ACCESO ADICIONAL DE MATERIA--NOMBRE DE PERSONA
Nombre de persona Belmonte, Juan (
Fechas asociadas al nombre 1892-1962)
9 (RLIN) 147284
700 1# - ENTRADA AGREGADA--NOMBRE PERSONAL
Nombre de persona Carabias, Josefina,
Fechas asociadas al nombre 1908-1980
9 (RLIN) 34924
830 03 - PUNTO DE ACCESO ADICIONAL DE SERIE-TÍTULO UNIFORME
Título uniforme El libro de bolsillo.
Nombre de parte o sección de la obra Toros
9 (RLIN) 224332
830 03 - PUNTO DE ACCESO ADICIONAL DE SERIE-TÍTULO UNIFORME
Título uniforme El libro de bolsillo.
Nombre de parte o sección de la obra Libro práctico y aficiones
Designación de volumen o secuencia 7803
9 (RLIN) 186819
852 ## - LOCALIZACIÓN
Ubicación ES-MaACL
Número de control de estantería A-11311
itemnumber 185656
Sublocalización o colección R.146724
Ubicación en estantería Depósito 1
Signatura antigua Olim: N-4315
942 ## - ELEMENTOS DE ENTRADA SECUNDARIOS (KOHA)
Fuente del sistema de clasificación o colocación Clasificación decimal universal
Tipo de ítem Koha Libro impreso
Holdings
Estatus retirado Estado de pérdida Fuente del sistema de clasificación o colocación Estado de daño No para préstamo Biblioteca de origen Biblioteca actual Ubicación en estantería Fecha de adquisición Fuente de adquisición Total de préstamos Signatura topográfica completa Código de barras Visto por última vez Precio de reemplazo Tipo de ítem Koha
    Clasificación decimal universal     Biblioteca del Ateneo de Madrid Biblioteca del Ateneo de Madrid Depósito 1 30/06/2011 Compra   A-11311 1187811 23/02/2023 23/02/2023 Libro impreso